000 01189pam a2200373 a 4500
001 3839768
003 OSt
005 20260427153845.0
008 870415s1987 nyu b 001 0 eng
010 _a 87009150
020 _a0876090242 (pbk.) :
_c$9.95
020 _a0876090250 (hard) :
_c$19.50
020 _a9780876090244
020 _a9780876090251
035 _a3839768
040 _aDLC
_cDLC
_dDLC
043 _an-us---
_aa-ja---
050 0 0 _aE183.8.J3
_bF73 1987
082 0 0 _a303.482 730 52 FRO
_219
100 1 _aFrost, Ellen L.
245 1 0 _aFor richer, for poorer :
_bthe new U.S.-Japan relationship /
_cEllen L. Frost.
260 _aNew York, NY :
_bCouncil on Foreign Relations,
_cc1987.
300 _axiii, 198 p. ;
_c23 cm.
336 _atext
_btxt
_2rdacontent
337 _aunmediated
_bn
_2rdamedia
338 _avolume
_bnc
_2rdacarrier
500 _aIncludes index.
504 _aBibliography: p. 181-185.
651 0 _aUnited States
_xRelations
_zJapan.
651 0 _aJapan
_xRelations
_zUnited States.
906 _a7
_bcbc
_corignew
_d1
_eocip
_f19
_gy-gencatlg
942 _2ddc
_cBOOKS
999 _c9388
_d9388